000 01630cam a2200325 a 4500
005 20080616100023.0
008 070814s2007 ii 001 0 eng
010 _aENG-91534
020 _a9780195696226
_c795.00
020 _a0195696220
_c795.00
035 _aEN-75067
035 _aB-427966-967
037 _bDBAD / PUB
037 _bAllied/DE2010/CR/2777/16.3.11/280/4.3.11/30.3.11
040 _adpl
_bEnglish
082 _a808.06607
100 _aHirschmann, Edwin
_931528
245 _aRobert Knight :
_cby Edwin Hirschmann
_breforming editor in Victorian India /
260 _aNew Delhi
_bOxford University Press,
_c2008
270 _aYMCA Library Building , Jai Singh Road,
_bNew Delhi
_e110001
300 _axii, 272 p.
_c23 cm (Hb)
500 _aIncludes bibliographical references and index
520 _aContributed articles chiefly with reference to India.
650 _aJournalism
_xAuthorship
_931529
942 _2ddc
_cEN
_mHIR
_h808.06607
999 _c18117
_d18117